Extension methodologies :for transfer of agricultural technology (Record no. 367663)

MARC details
000 -LEADER
fixed length control field 006200000a22002410004500
020 ## - INTERNATIONAL STANDARD BOOK NUMBER
International Standard Book Number 8183212611
020 ## - INTERNATIONAL STANDARD BOOK NUMBER
International Standard Book Number 978-81-8321-261-8
050 ## - LIBRARY OF CONGRESS CALL NUMBER
Classification number 010
060 ## - NATIONAL LIBRARY OF MEDICINE CALL NUMBER
Classification number 100
082 ## - DEWEY DECIMAL CLASSIFICATION NUMBER
Classification number 630.715 SOM
100 ## - MAIN ENTRY--PERSONAL NAME
Personal name Somanni, LL
245 ## - TITLE STATEMENT
Title Extension methodologies :for transfer of agricultural technology
250 ## - EDITION STATEMENT
Edition statement 1
260 ## - PUBLICATION, DISTRIBUTION, ETC. (IMPRINT)
Place of publication, distribution, etc. Udaipur, Agrotech publishing academy
260 ## - PUBLICATION, DISTRIBUTION, ETC. (IMPRINT)
Date of publication, distribution, etc. 2012
300 ## - PHYSICAL DESCRIPTION
Extent 432p
650 ## - SUBJECT ADDED ENTRY--TOPICAL TERM
Topical term or geographic name as entry element Agricultural journalism
650 ## - SUBJECT ADDED ENTRY--TOPICAL TERM
Topical term or geographic name as entry element Communication
650 ## - SUBJECT ADDED ENTRY--TOPICAL TERM
Topical term or geographic name as entry element Cyber extension
650 ## - SUBJECT ADDED ENTRY--TOPICAL TERM
Topical term or geographic name as entry element Extension programme planning
650 ## - SUBJECT ADDED ENTRY--TOPICAL TERM
Topical term or geographic name as entry element Extension teaching techniques
942 ## - ADDED ENTRY ELEMENTS (KOHA)
Koha item type Books (General)
Holdings
Withdrawn status Lost status Damaged status Not for loan Home library Current library Date acquired Cost, normal purchase price Total Checkouts Full call number Barcode Date last seen Date checked out Price effective from Koha item type
        College of Agriculture, Vellayani College of Agriculture, Vellayani 02/05/2014 1380.00 2 630.715 SOM KAU_COAV-27589 17/02/2020 05/02/2020 02/05/2014 Books (General)
Kerala Agricultural University Central Library
Thrissur-(Dt.), Kerala Pin:- 680656, India
Ph : (+91)(487) 2372219
E-mail: librarian@kau.in
Website: http://library.kau.in/